000 00259nam a22000977a 4500
008 250403b |||||||| |||| 00| 0 eng d
020 _a9780747582977
100 _aHosseini Khaled
_97830
245 _aA Thousand Splendid Suns
260 _aLondon
_bBloomsbury
_c2007
999 _c12741
_d12741